Statistiques concernant Paroles - Vald - Strip

Cliquez ici pour prendre le quiz!

Statistiques générales

  • Ce quiz a été pris 41 fois
  • Le résultat moyen est 287 sur 440

Statistiques - réponses

Réponse% Correct
à
91%
ça
91%
de
91%
le
91%
ces
89%
je
89%
La
89%
89%
la
89%
les
89%
ma
89%
me
89%
on
89%
On
89%
un
89%
c'est
86%
C'est
86%
Dans
86%
dans
86%
et
86%
merde
86%
merde ?
86%
Faites
83%
gars
83%
gars,
83%
place
83%
Pour
83%
pour
83%
qu'à
83%
comme
80%
des
80%
Elle
80%
Quoi ?
80%
Quoi
80%
quoi
80%
strip
80%
ta
80%
une
80%
Vous
80%
vous
80%
80
77%
bon,
77%
canapé
77%
celle
77%
club
77%
du
77%
77%
j'ai
77%
pas
77%
qui
77%
sur
77%
ton
77%
tout
77%
caresse
74%
dansent
74%
est
74%
J'espere
74%
j'espère
74%
Mais
74%
que
74%
Tes
74%
t'es
74%
veulent,
74%
veulent
74%
y'a
74%
4
71%
Non,
71%
Non
71%
partout
71%
peu
71%
quatre
71%
Va
71%
2
69%
chacun
69%
chacun"
69%
combien ?
69%
conso'
69%
êtes
69%
glisser
69%
gouda
69%
gratuite...
69%
honte
69%
lui
69%
merdes
69%
pétasses
69%
prix
69%
p'tit
69%
revient :
69%
Sarah
69%
20e
66%
conneries
66%
c'prix
66%
d'ailleurs,
66%
d'continuer
66%
d'être
66%
enceinte
66%
engrosser,
66%
"Excusez,
66%
même
66%
moi
66%
mon
66%
nom
66%
pouvez
66%
quand
66%
sang
66%
t'as
66%
T'as
66%
t'faire
66%
vos
66%
aussi
63%
beaucoup
63%
cassent
63%
crois
63%
cul
63%
d'anorexique
63%
dirait
63%
d'jà
63%
gueule
63%
j'vous
63%
là-cui
63%
l'litre !
63%
p'tite
63%
Putain
63%
putain
63%
rideau
63%
tire
63%
trous
63%
tu
63%
Tu
63%
Coucou
60%
crampons
60%
cuisses
60%
danseuse
60%
d'bosser
60%
d'merde ?
60%
j'pouvais
60%
j'vais
60%
macrelle
60%
puis
60%
vies
60%
celles
57%
d'coca
57%
faut
57%
j'discute
57%
j'enlève
57%
j'suis
57%
j'veux
57%
l'aise
57%
mettre
57%
oui
57%
parler
57%
plus
57%
rentrer...
57%
t'entendre
57%
80 balles
54%
(80 balles)
54%
Attends
54%
chansons
54%
c'tarif
54%
dis
54%
d'pute
54%
engrossée
54%
fais
54%
mal
54%
m'livrer
54%
pendant
54%
police
54%
sérieux
54%
strip-tease
54%
Ah
51%
bien
51%
casses
51%
c'était
51%
compris
51%
donne-moi
51%
elles
51%
j'aime
51%
m'dit
51%
racontez-moi
51%
toucher
51%
trop
51%
Vite
51%
chattes
49%
débauchée
49%
enfin
49%
fille
49%
maintenant
49%
nous
49%
qu'j'ai
49%
terre
49%
tous
49%
arrivent
46%
d'selfie
46%
d'sitôt
46%
j'adore
46%
l'ambiance
46%
soulard
46%
bitch
43%
étrange
43%
jambes
43%
keufs
43%
mesdames
43%
pieds
43%
podiums
43%
qu'est-ce
43%
sous
43%
V A L D
43%
Bloqués
40%
dis-donc
40%
il
40%
j'fais
40%
prendre
40%
putes
40%
qu'j'économise
40%
qu'le
40%
seul
40%
s'retrouve
40%
dire
37%
gros
37%
strip-teaseuse
37%
Alizée
34%
Appeler
34%
d'whisky
34%
Fallait
34%
J'lui
34%
l'fais
34%
Agartha
31%
attrapent
31%
dis-moi
31%
J'aurais
31%
qu'ces
31%
r'connaisse
31%
veuille
31%
voulez
31%
d'trouer
26%
Hein ?
26%
pouviez
23%
"Shoote un ministre"
23%
vient
23%
embarquez
20%
en-en-enfin
20%
goudaaaa
20%
tiennes
20%
GLA
17%
hey
14%
ouh
14%
cette
9%
histoire-là
3%
lala
3%
d'dédicade
0%

Distribution des résultats

Percentile par nombre de réponses

% des personnes avec chaque résultat

Votre développement - résultats

Vous n’avez pas pris ce quiz